Manažment ľudských zdrojov strategické aspekty práce s ľuďmi

Bibliographic Details
Main Authors: Toman, Dominika, 1993- (Author), Mičiak, Martin, 1990- (Author)
Other Authors: Vodák, Josef, 1956- (Reviewer), Marasová, Jana, 1959- (Reviewer)
Format: Book
Language:Slovak
PhysicalDescription:170 strán fotografie, grafy, ilustrácie, tabuľky 25cm
Published: Žilina EDIS - vydavateľstvo UNIZA 2024
ISBN:9788055421193
Edition:1. vydanie
Series:Vysokoškolské učebnice
Subjects:

MARC

LEADER 00000cam a2200000 4500
001 vtls012267588
003 SK-MaSNL
005 20260302075458.0
008 241128s2024 xo oal f np 000 0 slo
015 |a SNBA2025/03 
020 |a 9788055421193  |q (viazané) 
040 |a SNK  |b slo  |c SNK  |e rda 
041 0 |a slo 
044 |a xo  |c SK 
072 7 |a 005  |x Manažment. Riadenie  |2 konspekt 
072 7 |a 37.016  |x Učebné osnovy. Vyučovacie predmety. Učebnice  |2 konspekt 
080 |a 005.96  |2 2011 
080 |a (075.8)  |2 2011 
100 1 |a Toman, Dominika,  |d 1993-  |4 aut  |9 742379 
245 1 0 |a Manažment ľudských zdrojov  |b strategické aspekty práce s ľuďmi  |c Dominika Toman, Martin Mičiak 
250 |a 1. vydanie 
264 1 |a Žilina  |b EDIS - vydavateľstvo UNIZA  |c 2024 
300 |a 170 strán  |b fotografie, grafy, ilustrácie, tabuľky  |c 25cm 
336 |a text  |b txt  |2 rdacontent 
337 |a bez média  |b n  |2 rdamedia 
338 |a zväzok  |b nc  |2 rdacarrier 
366 |e 100 kusov 
490 1 |a Vysokoškolské učebnice 
500 |a Vydala Žilinská univerzita v Žiline/EDIS - vydavateľstvo UNIZA 
504 |a Obsahuje bibliografiu za jednotlivými kapitolami 
650 0 7 |a manažment ľudských zdrojov  |2 SNKPH  |9 29115 
650 0 7 |a Human resources management  |2 SNKPHeng  |9 319546 
655 7 |a učebnice vysokých škôl  |2 SNKPH  |9 70191 
655 7 |a Textbooks (higher)  |2 SNKPHeng  |9 276436 
700 1 |a Mičiak, Martin,  |d 1990-  |4 aut  |9 570274 
700 1 |a Vodák, Josef,  |d 1956-  |4 rev  |9 237256 
700 1 |a Marasová, Jana,  |d 1959-  |4 rev  |9 255056 
710 2 |a Žilinská univerzita v Žiline  |4 pbl  |9 165741 
810 2 |a Žilinská univerzita v Žiline  |t Vysokoškolské učebnice  |9 176451 
852 |a Slovenská národná knižnica 
919 |a 978-80-554-2119-3 
954 |a odborná, vedecká literatúra pôvodná (slovenská)  |2 lita 
958 |a NB 
999 |c 1169421  |d 1171351 
952 |a SNK  |b SNK  |y PREZ  |7 0  |p 17A1564032  |o snkSC 209088  |i snk2025/1940  |8 0  |0 0  |1 0  |4 0  |d 2025-02-06  |l 0  |r 2025-11-03 00:00:00  |w 2026-02-24 
952 |a SNK  |b SNK  |y VYP  |7 0  |p 17A1577537  |o snkSC 209088 D1  |i snk2025/18116  |8 3  |g 19.52  |0 0  |1 0  |4 0  |d 2025-11-11  |l 1  |r 2026-03-24 11:06:20  |s 2026-02-28  |w 2026-02-24